000 00255nam a22001217a 4500
008 170504b xxu||||| |||| 00| 0 eng d
041 _aeng
080 _a347
100 _a15
101 _aSHJ
245 _aTE DREJTAT E FEMIJES
_cOD, P
942 _2udc
_cBK
999 _c12681
_d12681